000 00271nam a2200109Ia 4500
008 190906s9999||||xx |||||||||||||| ||und||
100 _aTehmina Durrani
245 0 _aEdhi Autobiography
260 _aKarachi
_bA.Sattar edhi Foundation
_c2010
300 _a376
942 _cBK
999 _c5927
_d5927